Pays qui ont des atolls - Statistiques

Statistiques générales
  • Ce quiz a été pris 45 fois
  • Le résultat moyen est 22 sur 31
Statistiques - réponses
Pays % Correct
Australie
98%
Japon
98%
France
93%
Indonésie
93%
États-Unis
90%
Nouvelle-Zélande
90%
Chine
85%
Philippines
85%
Inde
83%
Mexique
80%
Brésil
78%
Kiribati
76%
Viêt Nam
76%
Îles Marshall
73%
Papouasie-Nouvelle-Guinée
73%
Tuvalu
73%
Vanuatu
73%
États Fédérés de Micronésie
71%
Comores
68%
Royaume-Uni
68%
Îles Salomon
63%
Madagascar
63%
Maldives
63%
Colombie
61%
Seychelles
59%
Venezuela
54%
Bahamas
51%
Maurice
51%
Taïwan
51%
Belize
24%
Honduras
15%
Aucun quiz correspondant
Distribution des résultats
% des personnes avec chaque résultat
Percentile par nombre de réponses
Votre historique - résultats
Vous n’avez pas pris ce quiz